Buckling response of composite laminated plates subjected to compressive loading /
Saved in:
| Main Author: | |
|---|---|
| Format: | Thesis Book |
| Language: | English |
| Published: |
2010.
|
| Subjects: | |
| Tags: |
Add Tag
No Tags, Be the first to tag this record!
|
| LEADER | 01125cam a2200289 a 4500 | ||
|---|---|---|---|
| 001 | u795555 | ||
| 003 | SIRSI | ||
| 005 | 201008101656 | ||
| 008 | 100810s2010 my a t 000 0 eng m | ||
| 040 | |a UMM |d UMJ | ||
| 090 | |a TA7 |b UM 2010 Cho | ||
| 097 | |a TA7 |b UM 2010 Cho | ||
| 100 | 1 | |a Chong, Wen Pein. | |
| 245 | 1 | 0 | |a Buckling response of composite laminated plates subjected to compressive loading / |c by Chong Wen Pein. |
| 260 | |c 2010. | ||
| 300 | |a xix, 158 leaves : |b ill. ; |c 30 cm. | ||
| 502 | |a Dissertation (M.Eng.Sc.) -- Jabatan Kejuruteraan Mekanik, Fakulti Kejuruteraan, Universiti Malaya, 2010. | ||
| 504 | |a Bibliography: leaves 149-158. | ||
| 650 | 0 | |a Buckling (Mechanics) |x Experiments. | |
| 650 | 0 | |a Loads (Mechanics). | |
| 650 | 0 | |a Strains and stresses. | |
| 650 | 0 | |a Structural failures. | |
| 710 | 2 | |a Universiti Malaya. |b Jabatan Kejuruteraan Mekanik. | |
| 900 | |a HA-ZA | ||
| 596 | |a 1 7 | ||
| 999 | |a TA7 UM 2010 CHO |w LC |c 1 |i A514408408 |d 11/11/2014 |e 11/11/2014 |f 10/1/2011 |g 1 |l STACKS |m P01UTAMA |n 2 |r Y |s Y |t TESIS |u 5/1/2011 | ||
| 999 | |a TA7 UM 2010 CHO |w LC |c 1 |i A514408399 |l STACKS |m P07JURUTER |r Y |s Y |t TESIS |u 10/6/2011 | ||
